00457nam a2200181Ia 4500008004100000020001800041050001400059100002000073245003300093245005000126260001500176260001600191260000900207300001400216300002700230300001000257500000800267170918s9999 xx 000 0 und d a9780545156561 bB468 1996 aBenjamin, A. H. aBaa! Moo! What will we do? / cA. H. Benjamin ; illustrated by Jane Chapman. aNew York : bScholastic, c1996 aunpaged : bcolored illustration ; c21cm. a600